Medición de actitudes en psicología y educación: construcción de escalas y problemas metodológicos

保存先:
書誌詳細
第一著者: Morales Vallejo, Pedro (autor)
フォーマット: 図書
言語:スペイン語
出版事項: Madrid Ra-Ma 1988
シリーズ:Colección Estudios e Investigaciones
主題:
タグ: タグ追加
タグなし, このレコードへの初めてのタグを付けませんか!

MARC

LEADER 00000nam a2200000 a 4500
001 UCW5292
003 CL-VaPUC
008 910321e19880000SP |||||||||||||||||spa|d
082 0 4 |a 370.15  |b MOR  |2 21 
100 |a Morales Vallejo, Pedro  |e autor  |9 310211 
245 1 0 |a Medición de actitudes en psicología y educación: construcción de escalas y problemas metodológicos 
300 |a 560 p 
942 |c BK 
945 |d 19910321 00:00:00 
260 |a Madrid  |b Ra-Ma  |c 1988 
650 0 |a Psicología del aprendizaje  |9 306854 
650 0 |a Actitud  |9 258129 
650 7 |a ESTUDIANTES ACTITUDES  |2 CL-VaPUC  |9 310212 
583 |a last modification  |c 20160105 01:52:34  |k Rodrigo Vera 
490 0 |a Colección Estudios e Investigaciones 
999 |c 218767  |d 218765 
952 |0 0  |1 0  |4 0  |6 370_150000000000000_MOR_1988  |7 0  |8 A  |9 208846  |a BIBEDU  |b BIBEDU  |d 2019-11-15  |i 2766469  |o 370.15 MOR 1988  |p 2766469  |r 2019-11-15  |w 2019-11-15  |y BK  |k EDU